[Event "Deutscher Mix-Teampokal U12 2025"]
[Site "Bad Homburg GER"]
[Date "2025.07.19"]
[Round "1"]
[White "Frikel, Konstantin"]
[Black "Kaza, Charith"]
[Result "0-1"]
[Termination "normal"]
[Board "1.1"]
[WhiteElo "1359"]
[BlackElo "1769"]
[WhiteClock "00:16:10"]
[BlackClock "00:23:36"]
[WhiteTeam "SK Kelheim 1920"]
[BlackTeam "SC Noris-Tarrasch Nürnberg 1873"]
[PlyCount "64"]
[WhiteFideId "533002266"]
[BlackFideId "34686967"]
[EventCountry "GER"]
[EventRounds "5"]
[EventType "team-swiss"]
[EventDate "2025.07.18"]

1. e4 {[%clk 00:55:09]} {[%emt 00:00:01]} c5 {[%clk 00:55:04]} {[%emt
00:00:05]} 2. c3 {[%clk 00:55:08]} {[%emt 00:00:07]} d5 {[%clk 00:55:03]}
{[%emt 00:00:06]} 3. exd5 {[%clk 00:54:57]} {[%emt 00:00:16]} Qxd5 {[%clk
00:54:56]} {[%emt 00:00:11]} 4. Nf3 {[%clk 00:54:50]} {[%emt 00:00:13]} Bg4
{[%clk 00:54:52]} {[%emt 00:00:09]} 5. Be2 {[%clk 00:54:31]} {[%emt 00:00:24]}
Nc6 {[%clk 00:54:29]} {[%emt 00:00:28]} 6. c4 {[%clk 00:52:47]} {[%emt
00:01:50]} Qd7 {[%clk 00:53:24]} {[%emt 00:01:09]} 7. Nc3 {[%clk 00:52:15]}
{[%emt 00:00:37]} Nf6 {[%clk 00:53:17]} {[%emt 00:00:11]} 8. d3 {[%clk
00:51:36]} {[%emt 00:00:44]} e6 {[%clk 00:50:00]} {[%emt 00:03:22]} 9. Bf4
{[%clk 00:50:24]} {[%emt 00:01:17]} Bd6 {[%clk 00:49:30]} {[%emt 00:00:34]} 10.
Bg3 {[%clk 00:49:32]} {[%emt 00:00:58]} Rd8 {[%clk 00:48:00]} {[%emt 00:01:35]}
11. O-O {[%clk 00:46:08]} {[%emt 00:03:30]} Bxg3 {[%clk 00:42:50]} {[%emt
00:05:15]} 12. hxg3 {[%clk 00:45:42]} {[%emt 00:00:30]} Bxf3 {[%clk 00:41:04]}
{[%emt 00:01:52]} 13. gxf3 {[%clk 00:42:08]} {[%emt 00:03:39]} h5 {[%clk
00:40:22]} {[%emt 00:00:46]} 14. Kg2 {[%clk 00:40:31]} {[%emt 00:01:43]} Ke7
{[%clk 00:37:08]} {[%emt 00:03:19]} 15. Ne4 {[%clk 00:38:04]} {[%emt 00:02:32]}
Nxe4 {[%clk 00:34:09]} {[%emt 00:03:04]} 16. dxe4 {[%clk 00:37:44]} {[%emt
00:00:25]} Qc7 {[%clk 00:33:56]} {[%emt 00:00:15]} 17. Qa4 {[%clk 00:33:53]}
{[%emt 00:03:59]} Nd4 {[%clk 00:33:06]} {[%emt 00:00:54]} 18. Bd3 {[%clk
00:33:32]} {[%emt 00:00:27]} Nxf3 {[%clk 00:32:03]} {[%emt 00:01:08]} 19. Kxf3
{[%clk 00:31:56]} {[%emt 00:01:40]} Rxd3+ {[%clk 00:32:00]} {[%emt 00:00:08]}
20. Ke2 {[%clk 00:31:42]} {[%emt 00:00:20]} Rhd8 {[%clk 00:31:08]} {[%emt
00:00:57]} 21. Rfd1 {[%clk 00:29:16]} {[%emt 00:02:31]} Qd6 {[%clk 00:29:02]}
{[%emt 00:02:08]} 22. Qc2 {[%clk 00:21:27]} {[%emt 00:07:56]} Rxd1 {[%clk
00:28:26]} {[%emt 00:00:42]} 23. Rxd1 {[%clk 00:21:16]} {[%emt 00:00:16]} Qxd1+
{[%clk 00:28:27]} {[%emt 00:00:03]} 24. Qxd1 {[%clk 00:21:10]} {[%emt
00:00:11]} Rxd1 {[%clk 00:28:29]} {[%emt 00:00:04]} 25. Kxd1 {[%clk 00:21:07]}
{[%emt 00:00:07]} g5 {[%clk 00:28:30]} {[%emt 00:00:04]} 26. Ke2 {[%clk
00:21:01]} {[%emt 00:00:11]} Kf6 {[%clk 00:25:36]} {[%emt 00:02:59]} 27. f4
{[%clk 00:19:26]} {[%emt 00:01:40]} gxf4 {[%clk 00:25:29]} {[%emt 00:00:12]}
28. gxf4 {[%clk 00:19:24]} {[%emt 00:00:07]} e5 {[%clk 00:25:29]} {[%emt
00:00:06]} 29. f5 {[%clk 00:18:45]} {[%emt 00:00:44]} Kg5 {[%clk 00:25:30]}
{[%emt 00:00:04]} 30. Kf3 {[%clk 00:17:31]} {[%emt 00:01:19]} h4 {[%clk
00:25:30]} {[%emt 00:00:05]} 31. a3 {[%clk 00:17:04]} {[%emt 00:00:31]} a5
{[%clk 00:23:41]} {[%emt 00:01:54]} 32. f6 {[%clk 00:16:10]} {[%emt 00:01:00]}
a4 {[%clk 00:23:36]} {[%emt 00:00:09]} 0-1

[Event "Deutscher Mix-Teampokal U12 2025"]
[Site "Bad Homburg GER"]
[Date "2025.07.19"]
[Round "1"]
[White "Atal, Parsa"]
[Black "Nickel, Alexander"]
[Result "1-0"]
[Termination "normal"]
[Board "1.2"]
[WhiteElo "1776"]
[BlackElo "1418"]
[WhiteClock "00:06:58"]
[BlackClock "00:10:06"]
[WhiteTeam "SC Noris-Tarrasch Nürnberg 1873"]
[BlackTeam "SK Kelheim 1920"]
[PlyCount "119"]
[WhiteFideId "533026572"]
[BlackFideId "533011656"]
[EventCountry "GER"]
[EventRounds "5"]
[EventType "team-swiss"]
[EventDate "2025.07.18"]

1. e4 {[%clk 00:55:08]} {[%emt 00:00:02]} e5 {[%clk 00:55:07]} {[%emt
00:00:03]} 2. Nc3 {[%clk 00:54:47]} {[%emt 00:00:25]} Nc6 {[%clk 00:54:55]}
{[%emt 00:00:18]} 3. Bc4 {[%clk 00:54:32]} {[%emt 00:00:20]} Nf6 {[%clk
00:54:50]} {[%emt 00:00:10]} 4. d3 {[%clk 00:54:03]} {[%emt 00:00:33]} h6
{[%clk 00:54:37]} {[%emt 00:00:19]} 5. Be3 {[%clk 00:52:57]} {[%emt 00:01:10]}
Be7 {[%clk 00:54:24]} {[%emt 00:00:19]} 6. h3 {[%clk 00:52:33]} {[%emt
00:00:28]} d6 {[%clk 00:54:18]} {[%emt 00:00:12]} 7. Nge2 {[%clk 00:51:40]}
{[%emt 00:00:57]} Be6 {[%clk 00:53:39]} {[%emt 00:00:45]} 8. Bb3 {[%clk
00:50:14]} {[%emt 00:01:30]} O-O {[%clk 00:52:44]} {[%emt 00:01:00]} 9. Qd2
{[%clk 00:48:52]} {[%emt 00:01:27]} d5 {[%clk 00:52:15]} {[%emt 00:00:36]} 10.
exd5 {[%clk 00:48:45]} {[%emt 00:00:11]} Nxd5 {[%clk 00:52:15]} {[%emt
00:00:05]} 11. O-O-O {[%clk 00:40:38]} {[%emt 00:08:11]} Nxc3 {[%clk 00:50:16]}
{[%emt 00:02:04]} 12. Nxc3 {[%clk 00:38:07]} {[%emt 00:02:35]} Bg5 {[%clk
00:49:15]} {[%emt 00:01:08]} 13. Bxg5 {[%clk 00:36:44]} {[%emt 00:01:28]} hxg5
{[%clk 00:48:22]} {[%emt 00:00:57]} 14. Bxe6 {[%clk 00:36:31]} {[%emt
00:00:18]} fxe6 {[%clk 00:48:23]} {[%emt 00:00:04]} 15. Ne4 {[%clk 00:34:49]}
{[%emt 00:01:47]} Qd4 {[%clk 00:46:59]} {[%emt 00:01:29]} 16. Qxg5 {[%clk
00:30:35]} {[%emt 00:04:20]} Qd5 {[%clk 00:45:06]} {[%emt 00:01:58]} 17. Nc3
{[%clk 00:27:30]} {[%emt 00:03:09]} Qd4 {[%clk 00:43:03]} {[%emt 00:02:09]} 18.
f3 {[%clk 00:26:24]} {[%emt 00:01:11]} Nb4 {[%clk 00:39:23]} {[%emt 00:03:45]}
19. Rhe1 {[%clk 00:25:02]} {[%emt 00:01:25]} Qf2 {[%clk 00:35:55]} {[%emt
00:03:34]} 20. Qd2 {[%clk 00:22:05]} {[%emt 00:03:01]} Qxd2+ {[%clk 00:31:41]}
{[%emt 00:04:20]} 21. Rxd2 {[%clk 00:22:05]} {[%emt 00:00:06]} Rf5 {[%clk
00:31:26]} {[%emt 00:00:20]} 22. Rde2 {[%clk 00:21:59]} {[%emt 00:00:11]} Nc6
{[%clk 00:30:53]} {[%emt 00:00:37]} 23. Re4 {[%clk 00:21:43]} {[%emt 00:00:21]}
Rd8 {[%clk 00:30:10]} {[%emt 00:00:48]} 24. Nd1 {[%clk 00:20:44]} {[%emt
00:01:04]} Rd4 {[%clk 00:28:33]} {[%emt 00:01:43]} 25. Rxd4 {[%clk 00:19:53]}
{[%emt 00:00:55]} Nxd4 {[%clk 00:28:35]} {[%emt 00:00:03]} 26. Ne3 {[%clk
00:19:30]} {[%emt 00:00:29]} Rg5 {[%clk 00:24:03]} {[%emt 00:04:36]} 27. Ng4
{[%clk 00:19:12]} {[%emt 00:00:23]} Nc6 {[%clk 00:24:01]} {[%emt 00:00:08]} 28.
c3 {[%clk 00:18:29]} {[%emt 00:00:47]} Rf5 {[%clk 00:23:09]} {[%emt 00:00:56]}
29. Kc2 {[%clk 00:17:45]} {[%emt 00:00:51]} a5 {[%clk 00:22:53]} {[%emt
00:00:21]} 30. a3 {[%clk 00:17:38]} {[%emt 00:00:12]} b5 {[%clk 00:22:46]}
{[%emt 00:00:12]} 31. b4 {[%clk 00:17:31]} {[%emt 00:00:11]} axb4 {[%clk
00:22:23]} {[%emt 00:00:28]} 32. axb4 {[%clk 00:17:25]} {[%emt 00:00:11]} Kf7
{[%clk 00:22:10]} {[%emt 00:00:14]} 33. Kb3 {[%clk 00:16:36]} {[%emt 00:00:59]}
Ke7 {[%clk 00:21:30]} {[%emt 00:00:44]} 34. c4 {[%clk 00:15:38]} {[%emt
00:01:04]} bxc4+ {[%clk 00:20:46]} {[%emt 00:00:49]} 35. dxc4 {[%clk 00:15:15]}
{[%emt 00:00:28]} Nd4+ {[%clk 00:20:36]} {[%emt 00:00:15]} 36. Kc3 {[%clk
00:14:46]} {[%emt 00:00:33]} Kd6 {[%clk 00:19:49]} {[%emt 00:00:53]} 37. c5+
{[%clk 00:13:40]} {[%emt 00:01:11]} Kc6 {[%clk 00:18:35]} {[%emt 00:01:17]} 38.
Nxe5+ {[%clk 00:13:24]} {[%emt 00:00:22]} Kd5 {[%clk 00:18:15]} {[%emt
00:00:25]} 39. Ng4 {[%clk 00:12:13]} {[%emt 00:01:16]} Nb5+ {[%clk 00:17:56]}
{[%emt 00:00:24]} 40. Kd3 {[%clk 00:11:54]} {[%emt 00:00:24]} Kc6 {[%clk
00:17:38]} {[%emt 00:00:23]} 41. Rxe6+ {[%clk 00:11:33]} {[%emt 00:00:27]} Kd7
{[%clk 00:17:24]} {[%emt 00:00:18]} 42. Rg6 {[%clk 00:10:42]} {[%emt 00:00:56]}
Rf4 {[%clk 00:16:31]} {[%emt 00:00:59]} 43. Rxg7+ {[%clk 00:10:25]} {[%emt
00:00:22]} Ke6 {[%clk 00:16:26]} {[%emt 00:00:09]} 44. Rg6+ {[%clk 00:09:42]}
{[%emt 00:00:48]} Ke7 {[%clk 00:15:32]} {[%emt 00:00:58]} 45. Ne3 {[%clk
00:09:18]} {[%emt 00:00:28]} Kf7 {[%clk 00:15:22]} {[%emt 00:00:17]} 46. Rg4
{[%clk 00:09:12]} {[%emt 00:00:11]} Rf6 {[%clk 00:14:48]} {[%emt 00:00:39]} 47.
Nd5 {[%clk 00:08:47]} {[%emt 00:00:29]} Rh6 {[%clk 00:13:24]} {[%emt 00:01:30]}
48. Nc3 {[%clk 00:08:39]} {[%emt 00:00:13]} c6 {[%clk 00:12:45]} {[%emt
00:00:44]} 49. Nxb5 {[%clk 00:08:38]} {[%emt 00:00:07]} cxb5 {[%clk 00:12:48]}
{[%emt 00:00:02]} 50. Kd4 {[%clk 00:08:22]} {[%emt 00:00:20]} Rh5 {[%clk
00:12:30]} {[%emt 00:00:23]} 51. Re4 {[%clk 00:08:17]} {[%emt 00:00:11]} Rg5
{[%clk 00:12:24]} {[%emt 00:00:10]} 52. g4 {[%clk 00:08:15]} {[%emt 00:00:07]}
Rg8 {[%clk 00:12:02]} {[%emt 00:00:27]} 53. c6 {[%clk 00:07:49]} {[%emt
00:00:31]} Rc8 {[%clk 00:11:58]} {[%emt 00:00:09]} 54. Kc5 {[%clk 00:07:50]}
{[%emt 00:00:04]} Kf6 {[%clk 00:11:55]} {[%emt 00:00:08]} 55. Kb6 {[%clk
00:07:47]} {[%emt 00:00:08]} Rb8+ {[%clk 00:11:24]} {[%emt 00:00:37]} 56. Ka7
{[%clk 00:07:45]} {[%emt 00:00:07]} Rh8 {[%clk 00:11:03]} {[%emt 00:00:25]} 57.
c7 {[%clk 00:07:42]} {[%emt 00:00:09]} Rxh3 {[%clk 00:10:49]} {[%emt 00:00:18]}
58. c8=Q {[%clk 00:07:39]} {[%emt 00:00:09]} Rh7+ {[%clk 00:10:39]} {[%emt
00:00:15]} 59. Kb6 {[%clk 00:07:35]} {[%emt 00:00:08]} Rh6 {[%clk 00:10:06]}
{[%emt 00:00:39]} 60. Re6 {[%clk 00:06:58]} {[%emt 00:00:42]} 1-0

[Event "Deutscher Mix-Teampokal U12 2025"]
[Site "Bad Homburg GER"]
[Date "2025.07.19"]
[Round "1"]
[White "Riera Galmés, Lucia"]
[Black "Bharathula, Akhila"]
[Result "0-1"]
[Termination "normal"]
[Board "1.3"]
[WhiteElo "1010"]
[BlackElo "1616"]
[WhiteClock "00:22:18"]
[BlackClock "00:09:20"]
[WhiteTeam "SK Kelheim 1920"]
[BlackTeam "SC Noris-Tarrasch Nürnberg 1873"]
[PlyCount "92"]
[WhiteFideId "533050694"]
[BlackFideId "34641777"]
[EventCountry "GER"]
[EventRounds "5"]
[EventType "team-swiss"]
[EventDate "2025.07.18"]

1. e4 {[%clk 00:55:08]} e6 {[%clk 00:55:05]} {[%emt 00:00:06]} 2. d4 {[%clk
00:55:00]} {[%emt 00:00:13]} d5 {[%clk 00:55:06]} {[%emt 00:00:05]} 3. Nc3
{[%clk 00:54:38]} {[%emt 00:00:27]} dxe4 {[%clk 00:54:22]} {[%emt 00:00:48]} 4.
Nxe4 {[%clk 00:54:30]} {[%emt 00:00:13]} Bd7 {[%clk 00:54:15]} {[%emt
00:00:12]} 5. Nf3 {[%clk 00:54:01]} {[%emt 00:00:34]} Bc6 {[%clk 00:54:01]}
{[%emt 00:00:19]} 6. Bd3 {[%clk 00:53:47]} {[%emt 00:00:19]} Nd7 {[%clk
00:53:44]} {[%emt 00:00:23]} 7. Bg5 {[%clk 00:53:36]} {[%emt 00:00:15]} Ngf6
{[%clk 00:53:17]} {[%emt 00:00:32]} 8. O-O {[%clk 00:53:02]} {[%emt 00:00:39]}
Be7 {[%clk 00:53:09]} {[%emt 00:00:13]} 9. Nxf6+ {[%clk 00:50:40]} {[%emt
00:02:26]} Bxf6 {[%clk 00:52:35]} {[%emt 00:00:41]} 10. Bf4 {[%clk 00:50:11]}
{[%emt 00:00:34]} O-O {[%clk 00:50:10]} {[%emt 00:02:29]} 11. c3 {[%clk
00:49:17]} {[%emt 00:00:59]} Re8 {[%clk 00:49:43]} {[%emt 00:00:33]} 12. Bc4
{[%clk 00:48:11]} {[%emt 00:01:09]} Nb6 {[%clk 00:48:52]} {[%emt 00:00:57]} 13.
Bb3 {[%clk 00:47:47]} {[%emt 00:00:28]} Qe7 {[%clk 00:45:58]} {[%emt 00:02:59]}
14. Re1 {[%clk 00:46:55]} {[%emt 00:00:57]} Rad8 {[%clk 00:43:47]} {[%emt
00:02:16]} 15. Qe2 {[%clk 00:44:38]} {[%emt 00:02:22]} Qd7 {[%clk 00:40:16]}
{[%emt 00:03:37]} 16. Rad1 {[%clk 00:43:19]} {[%emt 00:01:22]} Nd5 {[%clk
00:38:40]} {[%emt 00:01:42]} 17. Bg3 {[%clk 00:42:50]} {[%emt 00:00:34]} Qc8
{[%clk 00:32:54]} {[%emt 00:05:51]} 18. Be5 {[%clk 00:40:43]} {[%emt 00:02:12]}
Be7 {[%clk 00:30:30]} {[%emt 00:02:30]} 19. Qe4 {[%clk 00:39:32]} {[%emt
00:01:16]} f6 {[%clk 00:27:39]} {[%emt 00:02:56]} 20. Bg3 {[%clk 00:37:31]}
{[%emt 00:02:06]} Bd6 {[%clk 00:26:09]} {[%emt 00:01:35]} 21. Bxd6 {[%clk
00:36:44]} {[%emt 00:00:51]} Rxd6 {[%clk 00:26:03]} {[%emt 00:00:11]} 22. Qd3
{[%clk 00:35:36]} {[%emt 00:01:13]} Kh8 {[%clk 00:21:15]} {[%emt 00:04:53]} 23.
Bc2 {[%clk 00:35:07]} {[%emt 00:00:33]} g6 {[%clk 00:20:14]} {[%emt 00:01:08]}
24. Nh4 {[%clk 00:33:47]} {[%emt 00:01:25]} Rg8 {[%clk 00:18:31]} {[%emt
00:01:48]} 25. Re2 {[%clk 00:33:31]} {[%emt 00:00:21]} Nf4 {[%clk 00:18:08]}
{[%emt 00:00:27]} 26. Qd2 {[%clk 00:32:59]} {[%emt 00:00:36]} Nxe2+ {[%clk
00:17:47]} {[%emt 00:00:27]} 27. Qxe2 {[%clk 00:32:57]} {[%emt 00:00:07]} Qd7
{[%clk 00:17:10]} {[%emt 00:00:42]} 28. Nxg6+ {[%clk 00:30:53]} {[%emt
00:02:10]} hxg6 {[%clk 00:16:46]} {[%emt 00:00:29]} 29. Qg4 {[%clk 00:29:54]}
{[%emt 00:01:04]} e5 {[%clk 00:15:10]} {[%emt 00:01:41]} 30. Qh4+ {[%clk
00:29:12]} {[%emt 00:00:47]} Qh7 {[%clk 00:15:03]} {[%emt 00:00:10]} 31. Qg4
{[%clk 00:28:50]} {[%emt 00:00:28]} f5 {[%clk 00:14:36]} {[%emt 00:00:32]} 32.
Qe2 {[%clk 00:28:28]} {[%emt 00:00:27]} Qh5 {[%clk 00:14:13]} {[%emt 00:00:20]}
33. Qxe5+ {[%clk 00:28:20]} {[%emt 00:00:22]} Rg7 {[%clk 00:13:41]} {[%emt
00:00:32]} 34. c4 {[%clk 00:27:25]} {[%emt 00:01:04]} Be4 {[%clk 00:12:25]}
{[%emt 00:01:21]} 35. Bb3 {[%clk 00:25:39]} {[%emt 00:01:51]} Qg4 {[%clk
00:12:00]} {[%emt 00:00:19]} 36. f3 {[%clk 00:25:34]} {[%emt 00:00:22]} Bxf3
{[%clk 00:11:59]} {[%emt 00:00:06]} 37. Rd2 {[%clk 00:24:43]} {[%emt 00:00:54]}
Qe4 {[%clk 00:11:20]} {[%emt 00:00:41]} 38. Qg3 {[%clk 00:24:18]} {[%emt
00:00:32]} Qe3+ {[%clk 00:10:39]} {[%emt 00:00:43]} 39. Rf2 {[%clk 00:24:10]}
{[%emt 00:00:19]} Rxd4 {[%clk 00:10:31]} {[%emt 00:00:12]} 40. Qh3+ {[%clk
00:23:55]} {[%emt 00:00:20]} Rh7 {[%clk 00:10:05]} {[%emt 00:00:30]} 41. Qg3
{[%clk 00:23:42]} {[%emt 00:00:19]} Qe1+ {[%clk 00:09:48]} {[%emt 00:00:20]}
42. Rf1 {[%clk 00:23:24]} {[%emt 00:00:25]} Qxg3 {[%clk 00:09:48]} {[%emt
00:00:05]} 43. hxg3 {[%clk 00:23:18]} {[%emt 00:00:11]} Be4 {[%clk 00:09:27]}
{[%emt 00:00:23]} 44. Re1 {[%clk 00:22:47]} {[%emt 00:00:39]} Rd2 {[%clk
00:09:22]} {[%emt 00:00:06]} 45. Kf1 {[%clk 00:22:23]} {[%emt 00:00:33]} Bxg2+
{[%clk 00:09:20]} {[%emt 00:00:08]} 46. Kg1 {[%clk 00:22:18]} {[%emt 00:00:10]}
Rh1# {[%emt 00:00:02]} 0-1

[Event "Deutscher Mix-Teampokal U12 2025"]
[Site "Bad Homburg GER"]
[Date "2025.07.19"]
[Round "1"]
[White "Mishra, Aarna"]
[Black "Strielnikova, Sofiia"]
[Result "0-1"]
[Termination "normal"]
[Board "1.4"]
[WhiteElo "1462"]
[BlackElo "960"]
[WhiteClock "00:01:47"]
[BlackClock "00:46:59"]
[WhiteTeam "SC Noris-Tarrasch Nürnberg 1873"]
[BlackTeam "SK Kelheim 1920"]
[PlyCount "78"]
[WhiteFideId "533024804"]
[BlackFideId "533050686"]
[EventCountry "GER"]
[EventRounds "5"]
[EventType "team-swiss"]
[EventDate "2025.07.18"]

1. e4 {[%clk 00:55:07]} {[%emt 00:00:02]} e5 {[%clk 00:55:09]} {[%emt
00:00:01]} 2. Nc3 {[%clk 00:55:00]} {[%emt 00:00:11]} Nf6 {[%clk 00:55:10]}
{[%emt 00:00:05]} 3. Bc4 {[%clk 00:54:54]} {[%emt 00:00:11]} Nc6 {[%clk
00:55:12]} {[%emt 00:00:03]} 4. d3 {[%clk 00:54:31]} {[%emt 00:00:27]} h6
{[%clk 00:55:10]} {[%emt 00:00:08]} 5. Be3 {[%clk 00:54:15]} {[%emt 00:00:21]}
Bb4 {[%clk 00:55:02]} {[%emt 00:00:13]} 6. Nge2 {[%clk 00:53:28]} {[%emt
00:00:52]} O-O {[%clk 00:54:49]} {[%emt 00:00:18]} 7. O-O {[%clk 00:53:09]}
{[%emt 00:00:23]} d6 {[%clk 00:54:52]} {[%emt 00:00:03]} 8. h3 {[%clk
00:53:02]} {[%emt 00:00:12]} Nh5 {[%clk 00:54:37]} {[%emt 00:00:20]} 9. f4
{[%clk 00:44:12]} {[%emt 00:08:54]} Bc5 {[%clk 00:53:18]} {[%emt 00:01:25]} 10.
Bxc5 {[%emt 00:04:11]} dxc5 {[%clk 00:53:14]} {[%emt 00:00:06]} 11. Qe1 {[%clk
00:38:07]} {[%emt 00:02:06]} a6 {[%clk 00:52:33]} {[%emt 00:00:47]} 12. Rf3
{[%clk 00:31:38]} {[%emt 00:06:34]} Nd4 {[%clk 00:52:23]} {[%emt 00:00:16]} 13.
Nxd4 {[%clk 00:29:02]} {[%emt 00:02:39]} exd4 {[%clk 00:52:26]} {[%emt
00:00:03]} 14. Ne2 {[%clk 00:28:31]} {[%emt 00:00:36]} b5 {[%clk 00:52:29]}
{[%emt 00:00:02]} 15. Bd5 {[%clk 00:27:23]} {[%emt 00:01:13]} Rb8 {[%clk
00:52:02]} {[%emt 00:00:32]} 16. c3 {[%clk 00:23:37]} {[%emt 00:03:51]} dxc3
{[%clk 00:51:41]} {[%emt 00:00:27]} 17. bxc3 {[%clk 00:22:23]} {[%emt
00:01:18]} Rb6 {[%clk 00:50:54]} {[%emt 00:00:52]} 18. e5 {[%clk 00:18:45]}
{[%emt 00:03:43]} Qxd5 {[%clk 00:50:51]} {[%emt 00:00:08]} 19. Qf2 {[%clk
00:14:05]} {[%emt 00:04:44]} a5 {[%clk 00:50:19]} {[%emt 00:00:38]} 20. g4
{[%clk 00:13:06]} {[%emt 00:01:04]} Nxf4 {[%clk 00:49:21]} {[%emt 00:01:03]}
21. Nxf4 {[%clk 00:12:18]} {[%emt 00:00:52]} Qxe5 {[%clk 00:49:17]} {[%emt
00:00:10]} 22. d4 {[%clk 00:09:32]} {[%emt 00:02:52]} Qd6 {[%clk 00:48:53]}
{[%emt 00:00:28]} 23. Rf1 {[%clk 00:08:20]} {[%emt 00:01:16]} Bb7 {[%clk
00:48:44]} {[%emt 00:00:15]} 24. Re3 {[%clk 00:07:42]} {[%emt 00:00:39]} cxd4
{[%clk 00:48:38]} {[%emt 00:00:15]} 25. Re2 {[%clk 00:05:16]} {[%emt 00:02:30]}
dxc3 {[%clk 00:48:30]} {[%emt 00:00:14]} 26. Rc2 {[%clk 00:04:16]} {[%emt
00:01:05]} b4 {[%clk 00:48:23]} {[%emt 00:00:12]} 27. Qe2 {[%clk 00:03:35]}
{[%emt 00:00:47]} Ba6 {[%clk 00:48:13]} {[%emt 00:00:14]} 28. Qe1 {[%clk
00:03:11]} {[%emt 00:00:28]} Bxf1 {[%clk 00:48:12]} {[%emt 00:00:07]} 29. Qxf1
{[%clk 00:03:14]} {[%emt 00:00:01]} Rd8 {[%clk 00:48:01]} {[%emt 00:00:17]} 30.
Rc1 {[%clk 00:02:43]} {[%emt 00:00:36]} Qd2 {[%clk 00:47:41]} {[%emt 00:00:24]}
31. Rd1 {[%clk 00:02:10]} {[%emt 00:00:39]} Qxd1 {[%clk 00:47:40]} {[%emt
00:00:06]} 32. Qxd1 {[%clk 00:02:14]} Rxd1+ {[%clk 00:47:43]} {[%emt 00:00:03]}
33. Kg2 {[%clk 00:02:18]} c2 {[%clk 00:47:28]} {[%emt 00:00:21]} 34. Ne2 {[%clk
00:02:10]} {[%emt 00:00:13]} Rd2 {[%clk 00:47:22]} {[%emt 00:00:11]} 35. Kf2
{[%clk 00:02:08]} {[%emt 00:00:07]} c1=Q {[%emt 00:00:15]} 36. Kg3 {[%clk
00:01:53]} {[%emt 00:00:17]} Rxe2 {[%clk 00:47:14]} {[%emt 00:00:07]} 37. Kh4
{[%clk 00:01:45]} {[%emt 00:00:12]} Qe1+ {[%clk 00:47:08]} {[%emt 00:00:11]}
38. Kh5 {[%clk 00:01:47]} {[%emt 00:00:03]} Re5+ {[%clk 00:46:59]} {[%emt
00:00:14]} 39. g5 {[%clk 00:01:47]} {[%emt 00:00:05]} Rxg5# {[%emt 00:00:03]}
0-1

[Event "Deutscher Mix-Teampokal U12 2025"]
[Site "Bad Homburg GER"]
[Date "2025.07.19"]
[Round "1"]
[White "Riazi, Dominik"]
[Black "Shkabara, Roman"]
[Result "1-0"]
[Termination "normal"]
[Board "2.1"]
[WhiteElo "1671"]
[BlackElo "1387"]
[WhiteClock "00:32:37"]
[BlackClock "00:00:38"]
[WhiteTeam "SK Bad Homburg 1927"]
[BlackTeam "OSC Rheinhausen 04"]
[PlyCount "61"]
[WhiteFideId "533002150"]
[BlackFideId "533050724"]
[EventCountry "GER"]
[EventRounds "5"]
[EventType "team-swiss"]
[EventDate "2025.07.18"]

1. e4 {[%clk 00:55:05]} {[%emt 00:00:05]} e5 {[%clk 00:55:03]} {[%emt
00:00:08]} 2. Nf3 {[%clk 00:55:07]} {[%emt 00:00:03]} Nc6 {[%clk 00:55:01]}
{[%emt 00:00:06]} 3. d4 {[%clk 00:55:09]} {[%emt 00:00:03]} exd4 {[%clk
00:54:59]} {[%emt 00:00:07]} 4. Bc4 {[%clk 00:55:10]} {[%emt 00:00:04]} Nf6
{[%clk 00:54:50]} {[%emt 00:00:14]} 5. O-O {[%clk 00:55:07]} {[%emt 00:00:07]}
Nxe4 {[%clk 00:49:01]} {[%emt 00:05:54]} 6. Re1 {[%clk 00:55:04]} {[%emt
00:00:08]} d5 {[%clk 00:48:54]} {[%emt 00:00:12]} 7. Bxd5 {[%clk 00:55:03]}
{[%emt 00:00:05]} Qxd5 {[%clk 00:48:17]} {[%emt 00:00:42]} 8. Nc3 {[%clk
00:55:01]} {[%emt 00:00:07]} Qh5 {[%clk 00:41:52]} {[%emt 00:06:30]} 9. Nxe4
{[%clk 00:54:59]} {[%emt 00:00:08]} Be6 {[%clk 00:41:34]} {[%emt 00:00:22]} 10.
Bg5 {[%clk 00:54:57]} {[%emt 00:00:07]} h6 {[%clk 00:38:15]} {[%emt 00:03:24]}
11. Bf6 {[%clk 00:53:10]} {[%emt 00:01:50]} Qb5 {[%clk 00:33:27]} {[%emt
00:04:53]} 12. Nxd4 {[%clk 00:46:58]} {[%emt 00:06:18]} Nxd4 {[%clk 00:31:31]}
{[%emt 00:02:02]} 13. Qxd4 {[%clk 00:46:33]} {[%emt 00:00:29]} Qc6 {[%clk
00:24:42]} {[%emt 00:06:54]} 14. Bxg7 {[%clk 00:43:46]} {[%emt 00:02:53]} Bxg7
{[%clk 00:22:08]} {[%emt 00:02:40]} 15. Qxg7 {[%clk 00:43:39]} {[%emt
00:00:11]} O-O-O {[%clk 00:19:58]} {[%emt 00:02:16]} 16. Qc3 {[%clk 00:36:51]}
{[%emt 00:06:50]} Qxc3 {[%clk 00:17:35]} {[%emt 00:02:29]} 17. Nxc3 {[%clk
00:36:46]} {[%emt 00:00:10]} Rd2 {[%clk 00:15:18]} {[%emt 00:02:22]} 18. Rac1
{[%clk 00:36:40]} {[%emt 00:00:11]} Rg8 {[%clk 00:13:20]} {[%emt 00:02:04]} 19.
Ne4 {[%clk 00:36:21]} {[%emt 00:00:24]} Rg6 {[%clk 00:08:41]} {[%emt 00:04:43]}
20. Nxd2 {[%clk 00:33:57]} {[%emt 00:02:28]} Bxa2 {[%clk 00:05:57]} {[%emt
00:02:50]} 21. b3 {[%clk 00:33:41]} {[%emt 00:00:21]} Rd6 {[%clk 00:02:54]}
{[%emt 00:03:08]} 22. Ra1 {[%clk 00:33:35]} {[%emt 00:00:12]} Rxd2 {[%clk
00:02:33]} {[%emt 00:00:26]} 23. Rxa2 {[%clk 00:33:34]} {[%emt 00:00:07]} a6
{[%clk 00:01:56]} {[%emt 00:00:41]} 24. h3 {[%clk 00:33:27]} {[%emt 00:00:12]}
Kd7 {[%clk 00:01:31]} {[%emt 00:00:29]} 25. Raa1 {[%clk 00:32:55]} {[%emt
00:00:37]} Rxc2 {[%clk 00:01:01]} {[%emt 00:00:35]} 26. Rad1+ {[%clk 00:32:52]}
{[%emt 00:00:08]} Kc6 {[%clk 00:00:38]} {[%emt 00:00:28]} 27. Rc1 {[%clk
00:32:53]} {[%emt 00:00:04]} Rxc1 {[%clk 00:00:41]} {[%emt 00:00:02]} 28. Rxc1+
{[%clk 00:32:53]} {[%emt 00:00:05]} Kb6 {[%clk 00:00:44]} {[%emt 00:00:02]} 29.
Re1 {[%clk 00:32:45]} {[%emt 00:00:14]} c5 {[%clk 00:00:46]} {[%emt 00:00:03]}
30. Re7 {[%clk 00:32:36]} {[%emt 00:00:14]} a5 {[%clk 00:00:38]} {[%emt
00:00:12]} 31. Rxf7 {[%clk 00:32:37]} {[%emt 00:00:04]} 1-0